50 entraîneurs de football selon la photo - Statistiques

Statistiques générales
  • Ce quiz a été pris 2 348 fois
  • Le résultat moyen est 32 sur 50
Statistiques - réponses
Par images Réponse % Correct
Didier Deschamps
100%
Zinédine Zidane
100%
Josep Guardiola
98%
Carlo Ancelotti
97%
Jürgen Klopp
96%
Thomas Tuchel
96%
Laurent Blanc
95%
Xavi
94%
José Mourinho
92%
Christophe Galtier
89%
Diego Simeone
89%
Arsène Wenger
88%
Mikel Arteta
87%
Mauricio Pochettino
85%
Patrick Vieira
85%
Sir Alex Ferguson
85%
Unai Emery
85%
Luis Enrique
83%
Frank Lampard
82%
Rudi Garcia
82%
Steven Gerrard
81%
Hervé Renard
80%
Antonio Conte
79%
Ronald Koeman
76%
Jorge Sampaoli
70%
Marcelo Bielsa
70%
Joachim Löw
67%
Hansi Flick
61%
André Villas Boas
59%
Erik ten Hag
59%
Louis van Gaal
57%
Julian Nagelsmann
56%
Rafael Benitez
53%
Aimé Jacquet
49%
Claude Puel
45%
Maurizio Sarri
44%
Ole Gunnar Solskjaer
42%
Franck Haise
41%
Vicente del Bosque
39%
Johan Cruyff
35%
Peter Bosz
34%
Julen Lopetegui
32%
Manuel Pellegrini
31%
Djamel Belmadi
28%
Luis Felipe Scolari
23%
Franz Beckenbauer
15%
Ralf Rangnick
10%
Mario Zagallo
4%
Bill Shankly
3%
Rinus Michels
3%
Aucun quiz correspondant
Distribution des résultats
% des personnes avec chaque résultat
Percentile par nombre de réponses
Votre historique - résultats
Vous n’avez pas pris ce quiz